| 000 | 01774cam a2200433 a 4500 | ||
|---|---|---|---|
| 001 | 14617429 | ||
| 003 | OSt | ||
| 005 | 20260422084729.0 | ||
| 008 | 061031s2007 nyua b 000 1 eng | ||
| 010 | _a 2006033444 | ||
| 020 |
_a9780805080926 _qhardcover : alk. paper |
||
| 020 |
_a0805080929 _qhardcover : alk. paper |
||
| 035 | _a14617429 | ||
| 040 |
_aDLC _cDLC _dDLC |
||
| 042 | _alcac | ||
| 050 | 0 | 0 |
_aPZ7.S741185 _bMay 2007 |
| 082 | 0 | 0 |
_a[Fic] _222 |
| 100 | 1 | _aSpeck, Katie. | |
| 245 | 1 | 0 |
_aMaybelle in the soup / _cKatie Speck ; illustrations by Paul Rátz de Tagyos. |
| 250 | _a1st ed. | ||
| 260 |
_aNew York : _bHenry Holt, _c2007. |
||
| 300 |
_a57 p. : _bill. ; _c20 cm. |
||
| 336 |
_atext _btxt _2rdacontent |
||
| 337 |
_aunmediated _bn _2rdamedia |
||
| 338 |
_avolume _bnc _2rdacarrier |
||
| 520 | _aWhen Mr. and Mrs. Peabody invite a guest to dinner, Maybelle the cockroach, who lives under their refrigerator, ignores the warnings of Henry the flea to be sensible and ends up "splashing" into a big adventure. | ||
| 650 | 1 |
_aCockroaches _vFiction. |
|
| 650 | 1 |
_aFleas _vFiction. |
|
| 650 | 1 |
_aInsects _vFiction. |
|
| 650 | 1 |
_aCuriosity _vFiction. |
|
| 655 | 7 |
_aFiction. _2lcgft _0https://id.loc.gov/authorities/genreForms/gf2014026339 |
|
| 700 | 1 |
_aRátz de Tagyos, Paul, _eill. |
|
| 856 | 4 | 2 |
_3Contributor biographical information _uhttp://www.loc.gov/catdir/enhancements/fy0730/2006033444-b.html |
| 856 | 4 | 2 |
_3Publisher description _uhttp://www.loc.gov/catdir/enhancements/fy0730/2006033444-d.html |
| 906 |
_a7 _bcbc _corignew _d1 _eecip _f20 _gy-gencatlg |
||
| 942 |
_2lcc _cBK |
||
| 999 |
_c266226 _d266225 |
||